000
00266nam a22001337a 4500
020
_a
978-93-86025
082
_a
894.812
_b
RAJ/D
100
_a
RAJI, T
245
_a
DOLL MAKING
260
_a
KOTTAYAM
_b
MANORAMA
300
_a
113
650
_a
GK
_z
KERALA
942
_c
BK
999
_c
7141
_d
7141